Polityics of Aristotle. (Record no. 668)

MARC details
000 -LEADER
fixed length control field 00438cam a2200169ua 4500
008 - FIXED-LENGTH DATA ELEMENTS--GENERAL INFORMATION
fixed length control field 110419n ii |||gr||||Z||||||eng
040 ## - CATALOGING SOURCE
Transcribing agency MAIN
082 ## - DEWEY DECIMAL CLASSIFICATION NUMBER
Classification number 320.5
245 1# - TITLE STATEMENT
Title Polityics of Aristotle.
250 ## - EDITION STATEMENT
Edition statement 1st. /
Remainder of edition statement Edited by Earnest Barker.
260 ## - PUBLICATION, DISTRIBUTION, ETC.
Place of publication, distribution, etc. Toronto.:
Name of publisher, distributor, etc. Oxford university press.,986.
300 ## - PHYSICAL DESCRIPTION
Extent ix, 411 p.:
Dimensions 20 cm.
942 ## - ADDED ENTRY ELEMENTS (KOHA)
Koha item type Books
653 ## - INDEX TERM--UNCONTROLLED
Uncontrolled term Political science.
653 ## - INDEX TERM--UNCONTROLLED
Uncontrolled term Politics of Aristotle.
Holdings
Withdrawn status Lost status Damaged status Not for loan Home library Current library Shelving location Date acquired Total Checkouts Full call number Barcode Date last seen Copy number Price effective from Koha item type
        Central Library, Naharkatiya College Central Library, Naharkatiya College   19/09/2020   320.5 | BAR 813 12/11/2021 1 19/09/2020 Books

Naharkatiya College © 2020. All rights reserved.

Powered By